[Event "Canada vs. USA"]
[Site "CCCA"]
[Date "2014.01.17"]
[Round "1"]
[White "Glover, Vanessa"]
[Black "Schuttenhelm, Lance"]
[Result "1-0"]
[WhiteElo "1717"]
[BlackElo "1732"]
[EventDate "2014.01.17"]
[Board "27"]
[WhiteTeam "Canada"]
[BlackTeam "U.S.A."]

1.d4 Nf6 2.e3 e6 3.Bd3 c5 4.Nd2 Bd6 5.Ngf3 Bc7 6.c3 b6 7.O-O d5 8.Ne5 Qd6 
9.h3 Nc6 10.Bb5 Bb7 11.Qa4 O-O 12.Bxc6 Bxc6 13.Qxc6 Ne4 14.Nxe4 dxe4 15.f4
Rad8 16.b3 f6 17.Qxd6 Rxd6 18.Nc4 Rd5 19.Ba3 g5 20.fxg5 Rxg5 21.dxc5 Rf7 
22.Nd6 Rfg7 23.g4 f5 24.c6 fxg4 25.h4 Rh5 26.Nxe4 Rxh4 27.Rf8# 1-0

[Event "Canada vs. USA"]
[Site "CCCA"]
[Date "2014.01.17"]
[Round "2"]
[White "Lindberg, William J."]
[Black "Paul, Michael"]
[Result "1-0"]
[WhiteElo "1677"]
[BlackElo "1679"]
[EventDate "2014.01.17"]
[Board "29"]
[WhiteTeam "U.S.A."]
[BlackTeam "Canada"]

1.e4 c5 2.Nf3 a6 3.d4 cxd4 4.Qd2 d6 5.Nxd4 Nf6 6.Nc3 e6 7.Qd3 Nbd7 8.b3 
Be7 9.Be2 O-O 10.Qg3 Kh8 11.O-O Re8 12.Rd1 Bf8 13.h3 g6 14.b4 e5 15.Nf3 
Nh5 16.Qg4 Be7 17.Ng5 Bxg5 18.Bxg5 f6 19.Be3 Nf8 20.Qh4 Ng7 21.Nd5 g5 22.
Qh6 Ng6 23.Bb6 Qd7 24.Nxf6 1-0

[Event "Canada vs. USA"]
[Site "CCCA"]
[Date "2014.01.17"]
[Round "1"]
[White "Paul, Michael"]
[Black "Lindberg, William J."]
[Result "0-1"]
[WhiteElo "1679"]
[BlackElo "1677"]
[EventDate "2014.01.17"]
[Board "29"]
[WhiteTeam "Canada"]
[BlackTeam "U.S.A."]

1.e4 e5 2.Nf3 Nc6 3.Bb5 a6 4.Bxc6 bxc6 5.O-O Nf6 6.Re1 Bd6 7.d3 O-O 8.Bg5 
Rb8 9.Nbd2 Rxb2 10.Nb3 Bb4 11.Bd2 Qe7 12.Bxb4 Qxb4 13.Nxe5 Qc3 14.Nc4 Rxc2
15.Na3 Rb2 16.Re2 d5 17.Rc1 Qe5 18.Rxc6 Rxe2 19.Qxe2 dxe4 20.Rc5 Qf4 21.g3
exd3 22.Qxd3 Qd6 23.Qc2 Re8 24.Nc4 Re1+ 25.Kg2 Qe6 0-1

[Event "Canada vs. USA"]
[Site "CCCA"]
[Date "2014.01.17"]
[Round "2"]
[White "Stone, George"]
[Black "Akwei, Loving"]
[Result "1/2-1/2"]
[WhiteElo "2271"]
[BlackElo "2276"]
[EventDate "2014.01.17"]
[Board "6"]
[WhiteTeam "U.S.A."]
[BlackTeam "Canada"]

1.c4 c5 2.g3 g6 3.Bg2 Bg7 4.Nc3 Nc6 5.a3 Nf6 6.Rb1 O-O 7.d3 d6 8.b4 cxb4 
9.axb4 a6 10.Bd2 Bg4 11.Nh3 d5 12.cxd5 Bxh3 13.Bxh3 Nxd5 14.Nxd5 Qxd5 15.
O-O Qb5 16.Re1 Rfd8 17.Bf1 Rac8 18.d4 Qh5 19.e3 Qxd1 20.Rexd1 e5 21.b5 
axb5 22.Rxb5 exd4 23.e4 Rc7 24.Bf4 Rcd7 25.Bc4 Ra8 26.Rdb1 Ra7 27.Kg2 Bf8 
28.h4 h5 29.Rg5 Kg7 1/2-1/2

[Event "Canada vs. USA"]
[Site "CCCA"]
[Date "2014.01.17"]
[Round "1"]
[White "Akwei, Loving"]
[Black "Stone, George"]
[Result "1/2-1/2"]
[WhiteElo "2276"]
[BlackElo "2271"]
[EventDate "2014.01.17"]
[Board "6"]
[WhiteTeam "Canada"]
[BlackTeam "U.S.A."]

1.e4 c5 2.Nf3 d6 3.d4 cxd4 4.Nxd4 Nf6 5.Nc3 a6 6.Bg5 Nbd7 7.Be2 e6 8.O-O 
Be7 9.Qd3 Qc7 10.a4 b6 11.Qg3 Bb7 12.Rfe1 O-O 13.Bh6 Ne8 14.Be3 Ne5 15.Nf3
Nxf3+ 16.Qxf3 Nf6 17.Bf4 h6 18.Bd3 Rac8 19.Qe2 Ra8 20.Qf3 Rac8 21.Qe2 Ra8 
1/2-1/2

[Event "Canada vs. USA"]
[Site "CCCA"]
[Date "2014.01.17"]
[Round "2"]
[White "White, David V."]
[Black "Morrell, Gordon"]
[Result "1/2-1/2"]
[WhiteElo "2263"]
[BlackElo "2276"]
[EventDate "2014.01.17"]
[Board "7"]
[WhiteTeam "U.S.A."]
[BlackTeam "Canada"]

1.e4 c5 2.Nf3 d6 3.d4 cxd4 4.Nxd4 Nf6 5.Nc3 a6 6.Be3 e5 7.Nb3 Be6 8.f3 h5 
9.Nd5 Bxd5 10.exd5 Nbd7 11.Qd2 g6 12.Be2 Qc7 13.c4 a5 14.a4 b6 15.O-O Bg7 
16.h3 O-O 17.g4 Nc5 18.Nxc5 bxc5 19.g5 Nd7 20.Rab1 Rfe8 21.Bd3 Re7 1/2-1/2

[Event "Canada vs. USA"]
[Site "CCCA"]
[Date "2014.01.17"]
[Round "1"]
[White "Morrell, Gordon"]
[Black "White, David V."]
[Result "1/2-1/2"]
[WhiteElo "2276"]
[BlackElo "2263"]
[EventDate "2014.01.17"]
[Board "7"]
[WhiteTeam "Canada"]
[BlackTeam "U.S.A."]

1.c4 c5 2.g3 g6 3.Bg2 Bg7 4.Nc3 Nc6 5.a3 Nf6 6.Rb1 O-O 7.b4 cxb4 8.axb4 a6
9.d3 b5 10.Nxb5 axb5 11.cxb5 Ra2 12.Qb3 Ra7 13.bxc6 dxc6 14.Bd2 Be6 15.Qd1
Ba2 16.Rc1 Nd5 17.Nf3 Qd6 18.O-O Nxb4 19.Be3 Ra5 20.d4 Rd8 21.Bf4 Qd7 22.
Qd2 Qb7 23.Bh6 Bxh6 24.Qxh6 f6 25.Rfd1 Bd5 26.Qe3 Rda8 27.Rb1 Kg7 28.Ne1 
Rb5 29.Bf3 1/2-1/2

[Event "Canada vs. USA"]
[Site "CCCA"]
[Date "2014.01.17"]
[Round "2"]
[White "Leisner, Jon S."]
[Black "Marchant, Murray Scott"]
[Result "1/2-1/2"]
[WhiteElo "2114"]
[BlackElo "2105"]
[EventDate "2014.01.17"]
[Board "13"]
[WhiteTeam "U.S.A."]
[BlackTeam "Canada"]

1.d4 Nf6 2.Nf3 e6 3.Bf4 b6 4.e3 Bb7 5.Bd3 Be7 6.h3 O-O 7.Nbd2 d6 8.O-O 
Nbd7 9.Bh2 Re8 10.Qe2 Nf8 11.Rad1 Ng6 12.Rfe1 d5 13.Ne5 Nxe5 14.Bxe5 c5 
15.c3 c4 16.Bc2 b5 17.e4 Rc8 18.a3 a5 19.Ra1 Qd7 20.Qe3 h6 21.Qg3 Nh5 22.
Qf3 Nf6 23.Re3 b4 24.Rae1 Qd8 25.Qe2 bxc3 26.bxc3 Bxa3 27.Rg3 Bf8 28.Ba4 
Bc6 29.Bxc6 Rxc6 30.Bxf6 Qxf6 31.exd5 Rc7 32.Re3 a4 33.Nxc4 Rec8 34.Nb6 
Rb8 35.Nxa4 exd5 36.Re8 Rcc8 37.Rxc8 Rxc8 38.Qb5 Qd8 39.Rb1 h5 40.h4 Qxh4 
41.Qxd5 Rd8 42.Qf3 Bd6 43.g3 Qg5 44.Kf1 h4 45.gxh4 Qxh4 46.Rb7 Qh6 47.Nb2 
Bf4 48.Ra7 Qb6 49.Qb7 Qg6 50.Ra8 1/2-1/2

[Event "Canada vs. USA"]
[Site "CCCA"]
[Date "2014.01.17"]
[Round "1"]
[White "Marchant, Murray Scott"]
[Black "Leisner, Jon S."]
[Result "1/2-1/2"]
[WhiteElo "2105"]
[BlackElo "2114"]
[EventDate "2014.01.17"]
[Board "13"]
[WhiteTeam "Canada"]
[BlackTeam "U.S.A."]

1.e4 e5 2.Nf3 Nf6 3.Nxe5 d6 4.Nf3 Nxe4 5.d4 d5 6.Bd3 Nc6 7.O-O Be7 8.c4 
Nb4 9.Be2 O-O 10.Nc3 Bf5 11.a3 Nxc3 12.bxc3 Nc6 13.Re1 Re8 14.cxd5 Qxd5 
15.Bf4 Rac8 16.Bd3 Qd7 17.Rb1 b6 18.a4 Bd6 19.Be3 Ne7 20.Bb5 c6 21.Bd3 Nd5
22.Qc2 Bxd3 23.Qxd3 h6 24.Ra1 b5 25.h3 Bb8 26.Nd2 Re6 27.c4 bxc4 28.Nxc4 
Rce8 29.Rac1 Bf4 30.g3 Nxe3 31.Nxe3 Bxe3 32.fxe3 Qd6 33.Kg2 Qb4 34.Qc4 Qa5
35.Rc3 Rb8 36.Re2 Rb4 37.Qc5 Qxc5 38.Rxc5 Rxa4 39.Rc3 Rxd4 40.Rxc6 Ra4 41.
Rxe6 fxe6 42.Rb2 Kf7 43.Rb7+ Kf6 44.Kf3 a5 45.Ra7 Ra1 46.h4 a4 47.Kf4 h5 
48.Ra8 a3 49.Rf8+ Kg6 50.Ra8 a2 51.Ke5 Rg1 52.Rxa2 Rxg3 53.Re2 Kf7 54.e4 
Rg4 55.Rh2 Ke7 1/2-1/2

[Event "Canada vs. USA"]
[Site "CCCA"]
[Date "2014.01.17"]
[Round "2"]
[White "Munoz, Lazaro"]
[Black "Deidun Jr., Joseph"]
[Result "0-1"]
[WhiteElo "2093"]
[BlackElo "2095"]
[EventDate "2014.01.17"]
[Board "15"]
[WhiteTeam "U.S.A."]
[BlackTeam "Canada"]

1.e4 c6 2.d4 d5 3.exd5 cxd5 4.c4 Nf6 5.Nc3 e6 6.Nf3 Be7 7.cxd5 Nxd5 8.Bd3 
Nf6 9.O-O O-O 10.Bg5 Nc6 11.Rc1 Nb4 12.Bb1 b6 13.a3 Nbd5 14.Ne5 Bb7 15.Qd3
Nxc3 0-1

[Event "Canada vs. USA"]
[Site "CCCA"]
[Date "2014.01.17"]
[Round "1"]
[White "Deidun Jr., Joseph"]
[Black "Munoz, Lazaro"]
[Result "1-0"]
[WhiteElo "2095"]
[BlackElo "2093"]
[EventDate "2014.01.17"]
[Board "15"]
[WhiteTeam "Canada"]
[BlackTeam "U.S.A."]

1.d4 d5 2.c4 c6 3.Nf3 Nf6 4.Nc3 dxc4 5.a4 Bf5 6.e3 e6 7.Bxc4 Bb4 8.O-O O-O
9.Qe2 h6 10.e4 Bh7 11.Bd3 a5 12.Bf4 Na6 13.Rfd1 Qe7 14.Rac1 Rfd8 15.Be5 
Nd7 16.Bg3 1-0

[Event "Canada vs. USA"]
[Site "CCCA"]
[Date "2014.01.17"]
[Round "2"]
[White "Lindberg, William J."]
[Black "Saint Louis, Peter"]
[Result "1-0"]
[WhiteElo "1677"]
[BlackElo "1667"]
[EventDate "2014.01.17"]
[Board "30"]
[WhiteTeam "U.S.A."]
[BlackTeam "Canada"]

1.e4 e5 2.Nf3 d6 3.d4 exd4 4.Nxd4 Nf6 5.Nc3 Bd7 6.Be2 Be7 7.O-O O-O 8.h3 
h6 9.Bf4 a6 10.Qd2 Re8 11.Be3 Nc6 12.Nf5 Bxf5 13.exf5 Nh7 14.Nd5 Bf6 15.c3
Rc8 16.Rae1 Ne7 17.Qd3 Nxd5 18.Qxd5 c6 19.Qb3 Qd7 20.Bd3 d5 21.Qb4 Be7 22.
Qg4 Kh8 23.Bd4 Bf6 24.Bc5 Rxe1 25.Rxe1 Re8 26.Rxe8+ Qxe8 27.Qg3 Nf8 28.Qc7
Nd7 29.Be3 Ne5 30.Bf1 Qd7 31.Qb8+ Kh7 32.b3 g6 33.f4 1-0

[Event "Canada vs. USA"]
[Site "CCCA"]
[Date "2014.01.17"]
[Round "1"]
[White "Saint Louis, Peter"]
[Black "Lindberg, William J."]
[Result "0-1"]
[WhiteElo "1667"]
[BlackElo "1677"]
[EventDate "2014.01.17"]
[Board "30"]
[WhiteTeam "Canada"]
[BlackTeam "U.S.A."]

1.e4 e5 2.Nf3 Nc6 3.d3 d5 4.exd5 Qxd5 5.Nc3 Qc5 6.a3 Nf6 7.h3 Nd4 8.Nxd4 
exd4 9.Ne2 Bd7 10.Ng3 O-O-O 11.Be2 Bd6 12.Ne4 Nxe4 13.dxe4 Rhe8 14.Qd3 f5 
15.f3 Bg3+ 16.Kd1 Qe5 17.Bd2 Bc6 18.exf5 Kb8 19.Be1 Bf4 20.g4 Rd7 21.Bf2 
Rde7 22.Re1 Bg5 23.c4 Qh2 0-1

[Event "Canada vs. USA"]
[Site "CCCA"]
[Date "2014.01.17"]
[Round "2"]
[White "Risovic, Aleksandar"]
[Black "Byrne, Veronica"]
[Result "1-0"]
[WhiteElo "1669"]
[BlackElo "1648"]
[EventDate "2014.01.17"]
[Board "32"]
[WhiteTeam "U.S.A."]
[BlackTeam "Canada"]

1.e4 e5 2.Nf3 Bc5 3.Bc4 d5 4.Bxd5 c6 5.Bxf7+ Kxf7 6.Nxe5+ Ke7 7.O-O Bd4 8.
Qh5 g6 9.Qg5+ Nf6 10.c3 Bxe5 11.Qxe5+ Kf7 12.f3 Nbd7 13.Qg3 h5 14.d4 h4 
15.Qf2 b5 16.Bg5 Ba6 17.e5 b4 18.Re1 Bc4 19.exf6 a5 20.Re7+ Kf8 21.Nd2 Bd3
22.Qe3 Nxf6 23.Bxf6 Bf5 24.Bg7+ Kg8 25.Bxh8 Kxh8 26.Qh6+ Kg8 27.Qg7# 1-0

[Event "Canada vs. USA"]
[Site "CCCA"]
[Date "2014.01.17"]
[Round "1"]
[White "Byrne, Veronica"]
[Black "Risovic, Aleksandar"]
[Result "0-1"]
[WhiteElo "1648"]
[BlackElo "1669"]
[EventDate "2014.01.17"]
[Board "32"]
[WhiteTeam "Canada"]
[BlackTeam "U.S.A."]

1.d4 Nf6 2.h3 d5 3.Nf3 Bf5 4.Nc3 e6 5.g4 Bg6 6.Ne5 Bb4 7.Nxg6 hxg6 8.Bg5 
c5 9.Qd3 Qa5 10.Bxf6 gxf6 11.Kd2 cxd4 12.Qxd4 e5 13.Qd3 d4 14.Qc4 O-O 15.
Bg2 Nc6 16.a4 dxc3+ 17.bxc3 Bxc3+ 18.Qxc3 Rfd8+ 0-1

[Event "Canada vs. USA"]
[Site "CCCA"]
[Date "2014.01.17"]
[Round "2"]
[White "Grout, Stephen C."]
[Black "Hryniw, Michael"]
[Result "1/2-1/2"]
[WhiteElo "2281"]
[BlackElo "2300"]
[EventDate "2014.01.17"]
[Board "4"]
[WhiteTeam "U.S.A."]
[BlackTeam "Canada"]

1.e4 c5 2.Nf3 d6 3.d4 cxd4 4.Nxd4 Nf6 5.Nc3 g6 6.Be3 Bg7 7.f3 O-O 8.Qd2 
Nc6 9.O-O-O d5 10.exd5 Nxd5 11.Nxc6 bxc6 12.Bd4 Bxd4 13.Qxd4 Qb6 14.Na4 
Qc7 15.Bc4 Rd8 16.g3 Bh3 17.Qh4 Bf5 18.Rhe1 Rab8 19.Bb3 h5 20.a3 e6 21.Nc5
Qb6 22.Qc4 Qa5 23.Ne4 Bxe4 1/2-1/2

[Event "Canada vs. USA"]
[Site "CCCA"]
[Date "2014.01.17"]
[Round "1"]
[White "Hryniw, Michael"]
[Black "Grout, Stephen C."]
[Result "1-0"]
[WhiteElo "2300"]
[BlackElo "2281"]
[EventDate "2014.01.17"]
[Board "4"]
[WhiteTeam "Canada"]
[BlackTeam "U.S.A."]

1.c4 Nf6 2.g3 g6 3.Bg2 Bg7 4.Nc3 O-O 5.e4 d6 6.Nge2 e5 7.O-O c6 8.d3 a6 9.
b4 Be6 10.a4 Nh5 11.b5 f5 12.exf5 gxf5 13.bxc6 bxc6 14.Re1 Nf6 15.a5 Qc7 
16.Ba3 Bf7 17.d4 e4 18.c5 d5 19.Bc1 Nh5 20.Nf4 Nf6 21.Bh3 Ng4 22.Na4 Nd7 
23.Nb6 Ra7 24.Rb1 Ndf6 25.Bf1 Nh5 26.h3 Ngf6 27.Be2 Nxf4 28.Bxf4 Qd8 29.
Rb4 h5 30.h4 Ng4 31.Qd2 Qf6 32.Na4 Re8 33.Nc3 Qg6 34.Nd1 Kh8 35.Ne3 Kg8 
36.Nxg4 fxg4 37.Rb6 Qf6 38.Be5 Qe7 39.Bb8 Ra8 40.Bf4 Qf6 41.Be3 Ra7 42.
Bxa6 1-0

[Event "Canada vs. USA"]
[Site "CCCA"]
[Date "2014.01.17"]
[Round "2"]
[White "Eilmes, Donald P."]
[Black "Maurer, Serge"]
[Result "0-1"]
[WhiteElo "2280"]
[BlackElo "2284"]
[EventDate "2014.01.17"]
[Board "5"]
[WhiteTeam "U.S.A."]
[BlackTeam "Canada"]

1.d4 d5 2.c4 e6 3.cxd5 exd5 4.Nc3 Nf6 5.Bg5 c6 6.Qc2 Be7 7.e3 Nbd7 8.Bd3 
Nh5 9.Bxe7 Qxe7 10.O-O-O Nb6 11.Kb1 g6 12.Nf3 Ng7 13.h3 Bf5 14.Bxf5 Nxf5 
15.e4 dxe4 16.Rhe1 O-O-O 17.Re3 Nxe3 0-1

[Event "Canada vs. USA"]
[Site "CCCA"]
[Date "2014.01.17"]
[Round "1"]
[White "Maurer, Serge"]
[Black "Eilmes, Donald P."]
[Result "1/2-1/2"]
[WhiteElo "2284"]
[BlackElo "2280"]
[EventDate "2014.01.17"]
[Board "5"]
[WhiteTeam "Canada"]
[BlackTeam "U.S.A."]

1.e4 e5 2.Nf3 Nf6 3.Nxe5 d6 4.Nf3 Nxe4 5.d4 d5 6.Bd3 Nc6 7.O-O Bg4 8.c4 
Nf6 9.cxd5 Nxd5 10.Nc3 Be7 11.Be4 Be6 12.Qb3 Nxc3 13.Qxb7 Ne2+ 14.Kh1 
Nexd4 15.Nxd4 Nxd4 16.Qxa8 Qxa8 17.Bxa8 Nc2 18.Bc6+ Kd8 19.Be3 Nxa1 20.
Rxa1 Kc8 21.Bd4 Bf6 22.Bxf6 gxf6 23.b4 Rd8 24.a3 Rd3 1/2-1/2

[Event "Canada vs. USA"]
[Site "CCCA"]
[Date "2014.01.17"]
[Round "2"]
[White "Biedermann, Kyle"]
[Black "Dufour, Michael"]
[Result "1/2-1/2"]
[WhiteElo "2231"]
[BlackElo "2261"]
[EventDate "2014.01.17"]
[Board "8"]
[WhiteTeam "U.S.A."]
[BlackTeam "Canada"]

1.e4 e5 2.Nf3 Nc6 3.Bb5 a6 4.Ba4 Nf6 5.O-O Be7 6.Re1 b5 7.Bb3 O-O 8.c3 d5 
9.exd5 Nxd5 10.Nxe5 Nxe5 11.Rxe5 c6 12.d4 Bd6 13.Re1 Qh4 14.g3 Qh3 15.Re4 
g5 16.Qf3 Bf5 17.Bxd5 cxd5 18.Re3 Be4 19.Rxe4 dxe4 20.Qf6 Qg4 21.Qxg5+ 
Qxg5 22.Bxg5 f5 23.Nd2 Rae8 24.Re1 Kf7 1/2-1/2

[Event "Canada vs. USA"]
[Site "CCCA"]
[Date "2014.01.17"]
[Round "1"]
[White "Dufour, Michael"]
[Black "Biedermann, Kyle"]
[Result "1/2-1/2"]
[WhiteElo "2261"]
[BlackElo "2231"]
[EventDate "2014.01.17"]
[Board "8"]
[WhiteTeam "Canada"]
[BlackTeam "U.S.A."]

1.e4 e5 2.Nf3 Nc6 3.Bb5 a6 4.Ba4 Nf6 5.O-O Be7 6.Re1 b5 7.Bb3 O-O 8.c3 d6 
9.h3 Nb8 10.d4 Nbd7 11.Nbd2 Bb7 12.Bc2 Re8 13.Nf1 Bf8 14.Ng3 g6 15.a4 c5 
16.d5 c4 17.Bg5 Be7 18.Qd2 Nc5 19.Bh6 Nfd7 20.Nh2 Bf8 21.Ng4 1/2-1/2

[Event "Canada vs. USA"]
[Site "CCCA"]
[Date "2014.01.17"]
[Round "2"]
[White "Arnold, Eric"]
[Black "Baril, Jacques"]
[Result "1-0"]
[WhiteElo "1946"]
[BlackElo "1937"]
[EventDate "2014.01.17"]
[Board "22"]
[WhiteTeam "U.S.A."]
[BlackTeam "Canada"]

1.c4 e5 2.g3 Nf6 3.Bg2 c6 4.d4 exd4 5.Qxd4 d5 6.Nf3 dxc4 7.Qxd8+ Kxd8 8.
O-O Bc5 9.Nbd2 b5 10.a4 Bb7 11.Ng5 Kc8 12.Nde4 Nxe4 13.Bxe4 Re8 14.Bxh7 
Nd7 15.Nxf7 Rxe2 16.Be3 Rxb2 17.Bf4 Re2 18.Bf5 g6 19.Bg4 g5 20.Nxg5 Re7 
21.Rad1 Bb6 22.Rfe1 Rxe1+ 23.Rxe1 Bd8 24.Re8 Ba6 25.Nf7 1-0

[Event "Canada vs. USA"]
[Site "CCCA"]
[Date "2014.01.17"]
[Round "1"]
[White "Baril, Jacques"]
[Black "Arnold, Eric"]
[Result "0-1"]
[WhiteElo "1937"]
[BlackElo "1946"]
[EventDate "2014.01.17"]
[Board "22"]
[WhiteTeam "Canada"]
[BlackTeam "U.S.A."]

1.e4 Nf6 2.e5 Nd5 3.d4 d6 4.Nf3 dxe5 5.Nxe5 c6 6.Bd3 Nd7 7.Nxd7 Bxd7 8.O-O
Qc7 9.c4 Nf6 10.Nc3 O-O-O 11.Qe2 Ng4 12.f4 g6 13.h3 Nh6 14.g4 f5 15.Qe5 
Nf7 16.Qxc7+ Kxc7 17.gxf5 Bg7 18.Be3 Nd6 19.fxg6 hxg6 20.Rf3 Bxh3 21.d5 
Bf5 22.Bxa7 b6 23.Re1 Bd4+ 24.Kg2 Rh7 25.dxc6 Bxc3 26.bxc3 Nc8 27.Bxb6+ 
Nxb6 28.Bxf5 gxf5 29.Rfe3 Rg8+ 0-1

[Event "Canada vs. USA"]
[Site "CCCA"]
[Date "2014.01.17"]
[Round "2"]
[White "Aiken, Richard"]
[Black "Woldmo, Asbjorn Ingar"]
[Result "1-0"]
[WhiteElo "1934"]
[BlackElo "1936"]
[EventDate "2014.01.17"]
[Board "23"]
[WhiteTeam "U.S.A."]
[BlackTeam "Canada"]

1.e4 c5 2.c3 d5 3.exd5 Qxd5 4.d4 Nf6 5.Nf3 Bg4 6.Be2 e6 7.O-O Nc6 8.h3 Bh5
9.Be3 cxd4 10.cxd4 Be7 11.Nc3 Qd6 12.Rc1 O-O 13.Nb5 Qd8 14.Ne5 Bxe2 15.
Qxe2 Nb4 16.a3 Nbd5 17.Rc2 Nxe3 18.fxe3 a6 19.Nc3 Rc8 20.Rfc1 Bd6 21.Qf3 
Rc7 22.Ne4 Rxc2 23.Rxc2 Nxe4 24.Qxe4 Bxe5 25.Qxe5 Qb8 26.Qc7 Qxc7 27.Rxc7 
Rb8 28.Kf2 g5 29.e4 b6 30.Ke3 Kg7 31.Kd3 h5 32.Rc6 Kf8 33.d5 Ke7 34.Kd4 
exd5 35.exd5 Rb7 36.Ke5 a5 37.Rh6 h4 38.d6+ Kd7 39.Kd5 Rb8 40.Rh7 Rf8 41.
a4 Kc8 42.Kc6 Kd8 43.Rg7 Kc8 44.Rxg5 f5 45.Rg7 f4 46.Ra7 Kb8 47.Rb7+ Ka8 
48.d7 f3 49.gxf3 Rf6+ 50.Kc7 Rc6+ 51.Kxc6 1-0

[Event "Canada vs. USA"]
[Site "CCCA"]
[Date "2014.01.17"]
[Round "1"]
[White "Woldmo, Asbjorn Ingar"]
[Black "Aiken, Richard"]
[Result "0-1"]
[WhiteElo "1936"]
[BlackElo "1934"]
[EventDate "2014.01.17"]
[Board "23"]
[WhiteTeam "Canada"]
[BlackTeam "U.S.A."]

1.e4 c6 2.d4 d5 3.Nc3 dxe4 4.Nxe4 Bf5 5.Ng3 Bg6 6.N1e2 e6 7.Nf4 Bd6 8.c3 
Nf6 9.h4 Qc7 10.Qf3 Nbd7 11.h5 Bc2 12.Bd3 Bxd3 13.Nxd3 h6 14.O-O O-O 15.
Re1 c5 16.Bf4 cxd4 17.cxd4 Bxf4 18.Nxf4 Rac8 19.Ne4 Qb6 20.Nxf6+ Nxf6 21.
Ne2 Rc2 22.b3 Qa5 23.Ng3 Rfc8 24.Ne4 Nxe4 25.Qxe4 Qxh5 26.Qxb7 Qh4 27.Rf1 
Qxd4 28.Rad1 Qb6 29.Qxb6 axb6 30.a3 R8c3 31.Rb1 Ra2 32.Rfc1 Rxc1+ 33.Rxc1 
Rxa3 34.Rc3 Ra1+ 35.Kh2 Rb1 36.f3 g5 37.Kg3 Kg7 38.Rd3 b5 39.f4 f5 40.fxg5
hxg5 41.Kf3 Kf6 42.Kg3 f4+ 43.Kf3 Kf5 44.g4+ fxg3 45.Kxg3 Ke4 46.Rc3 e5 
47.Kg4 Rg1+ 48.Kh3 Kd4 49.Rc8 e4 50.Kh2 Rb1 51.Rg8 Rxb3 52.Rxg5 b4 53.Kg2 
Rf3 54.Ra5 Rf8 0-1

[Event "Canada vs. USA"]
[Site "CCCA"]
[Date "2014.01.17"]
[Round "2"]
[White "Moldovan, John P."]
[Black "Sadler, Craig"]
[Result "1/2-1/2"]
[WhiteElo "2329"]
[BlackElo "2324"]
[EventDate "2014.01.17"]
[Board "3"]
[WhiteTeam "U.S.A."]
[BlackTeam "Canada"]

1.Nf3 Nf6 2.c4 g6 3.Nc3 Bg7 4.e4 d6 5.d4 O-O 6.Be2 e5 7.O-O Nc6 8.d5 Ne7 
9.Ne1 Nd7 10.f3 f5 11.Nd3 Nf6 12.Bd2 Kh8 13.Rc1 c5 14.Rb1 f4 15.b4 b6 16.
bxc5 bxc5 17.Qa4 Nd7 18.Nb5 Nb6 19.Qb3 Ng8 20.a4 Ba6 21.Nf2 Qd7 22.a5 Nc8 
23.Qa3 Nce7 24.Bd1 Rfb8 25.Ba4 Qd8 26.Nd3 g5 27.Rfc1 Rc8 28.Bc3 Ng6 29.Rb3
Qe7 30.Qb2 Rab8 31.Rb1 Nf6 32.Qe2 1/2-1/2

[Event "Canada vs. USA"]
[Site "CCCA"]
[Date "2014.01.17"]
[Round "1"]
[White "Sadler, Craig"]
[Black "Moldovan, John P."]
[Result "1/2-1/2"]
[WhiteElo "2324"]
[BlackElo "2329"]
[EventDate "2014.01.17"]
[Board "3"]
[WhiteTeam "Canada"]
[BlackTeam "U.S.A."]

1.c4 e6 2.d4 Nf6 3.Nc3 Bb4 4.Qc2 O-O 5.a3 Bxc3+ 6.Qxc3 d6 7.Nf3 b6 8.g3 
Bb7 9.Bg2 Nbd7 10.O-O c5 11.b4 Qc7 12.dxc5 bxc5 13.Rd1 Nb6 14.Bf4 e5 15.
Be3 Ng4 16.Rac1 Rae8 17.Bd2 f5 18.h3 Nf6 19.Qb3 Nbd7 20.Qc2 Be4 21.Qb3 Bb7
22.Nh4 Bxg2 23.Nxg2 Ne4 24.Qd3 Qb7 25.Be1 f4 26.gxf4 exf4 27.f3 Ng3 28.Rc2
Nf5 29.Bf2 g5 30.h4 h6 1/2-1/2

[Event "Canada vs. USA"]
[Site "CCCA"]
[Date "2014.01.17"]
[Round "2"]
[White "Young, Scott D."]
[Black "Prystenski, Arthur"]
[Result "1/2-1/2"]
[WhiteElo "2225"]
[BlackElo "2227"]
[EventDate "2014.01.17"]
[Board "10"]
[WhiteTeam "U.S.A."]
[BlackTeam "Canada"]

1.d4 e6 2.c4 d5 3.Nc3 c6 4.e3 Nf6 5.Nf3 Nbd7 6.Qc2 Bd6 7.g4 h6 8.h3 e5 9.
Bd2 O-O 10.g5 exd4 11.exd4 Re8+ 12.Be2 hxg5 13.O-O-O dxc4 14.Bxc4 Nb6 15.
Bb3 Be6 16.Bxe6 Rxe6 17.Nxg5 Re8 18.Kb1 Nbd5 19.h4 Nb4 20.Qf5 Qc8 21.Qf3 
Qg4 22.Qxg4 Nxg4 23.Nce4 Bf8 24.Rhg1 f5 25.Ng3 Nxf2 26.Rdf1 Nbd3 27.Nxf5 
Rad8 28.Kc2 c5 29.Be3 c4 30.h5 Rd5 31.Nh6+ Kh8 32.Nhf7+ Kg8 33.Ne5 Rb5 34.
Nxc4 Rc8 35.b3 Rxc4+ 36.Kb1 Rc6 37.Bxf2 Nf4 38.Be3 Nxh5 39.Rf2 Nf6 40.Bd2 
a5 41.Rh1 a4 42.Rfh2 g6 43.Rh8+ Kg7 44.R8h3 axb3 45.Rxb3 Rxb3+ 46.axb3 Bd6
1/2-1/2

[Event "Canada vs. USA"]
[Site "CCCA"]
[Date "2014.01.17"]
[Round "1"]
[White "Prystenski, Arthur"]
[Black "Young, Scott D."]
[Result "0-1"]
[WhiteElo "2227"]
[BlackElo "2225"]
[EventDate "2014.01.17"]
[Board "10"]
[WhiteTeam "Canada"]
[BlackTeam "U.S.A."]

1.d4 d5 2.c4 e6 3.Nc3 c6 4.Nf3 dxc4 5.a4 Bb4 6.e3 b5 7.Bd2 a5 8.axb5 Bxc3 
9.Bxc3 cxb5 10.b3 Bb7 11.bxc4 b4 12.Bb2 Nf6 13.Bd3 Nbd7 14.O-O O-O 15.Nd2 
Qc7 16.f4 a4 17.Rb1 Rfd8 18.Qe2 b3 19.Ra1 Nf8 20.f5 e5 21.dxe5 N6d7 22.e6 
Nc5 23.Bb1 fxe6 24.f6 e5 25.f7+ Kh8 26.Nf3 Ncd7 27.Bf5 Nf6 28.Nxe5 a3 29.
Bd4 b2 30.Ra2 Be4 31.Bxe4 Nxe4 32.Qg4 Nf6 33.Qf3 Rab8 34.Rb1 Rb3 35.Qf5 
Rxd4 36.exd4 Rc3 37.Rxa3 Rxa3 38.Qc2 Ra2 39.Qb3 Qa7 40.Kf1 g6 41.Qb4 Kg7 
42.Rxb2 Ne4 43.Ke1 Ra4 44.Qb8 Ra1+ 45.Ke2 Nc3+ 46.Kd3 Na4 47.Rb3 Rd1+ 48.
Kc2 Qxd4 0-1

[Event "Canada vs. USA"]
[Site "CCCA"]
[Date "2014.01.17"]
[Round "2"]
[White "Deskin, Gary"]
[Black "Rosenhek, Marvin"]
[Result "1-0"]
[WhiteElo "2070"]
[BlackElo "2083"]
[EventDate "2014.01.17"]
[Board "17"]
[WhiteTeam "U.S.A."]
[BlackTeam "Canada"]

1.d4 Nf6 2.c4 e6 3.Nc3 Bb4 4.e3 O-O 5.Bd3 d5 6.Nf3 c5 7.O-O dxc4 8.Bxc4 
Nbd7 9.Qe2 b6 10.dxc5 bxc5 11.Rd1 Bb7 12.Bd2 Qc7 13.a3 Bxf3 14.Qxf3 Ba5 
15.Be2 a6 16.Rac1 Rfc8 17.b4 Bb6 18.Na4 Qa7 19.Be1 Rab8 20.Nxb6 Qxb6 21.e4
cxb4 22.axb4 Rxc1 23.Rxc1 Qb7 24.Rd1 Nf8 25.Rd6 h6 26.Rxa6 Nxe4 27.b5 Qd5 
28.Qe3 Nd7 29.h3 Nef6 30.Bc3 Qb3 31.Qc1 Rc8 32.Rc6 Rf8 33.Bb2 Re8 34.Rc8 
e5 35.Rxe8+ Nxe8 36.Ba3 Nef6 37.Be7 Qe6 38.Qc8+ Kh7 39.Bxf6 Nxf6 40.Bd3+ 
g6 41.Qxe6 fxe6 42.b6 Nd7 43.b7 Kg7 44.Kh2 Kf6 45.Kg3 Kf7 46.Bb5 Nb8 47.
Kf3 Ke7 48.g3 g5 49.Kg4 Kf7 50.Kh5 Kg7 51.f3 Kh7 52.g4 Kg7 53.h4 gxh4 54.
Kxh4 Kg6 55.Bd3+ Kf7 56.Kh5 Kg7 57.Bc4 1-0

[Event "Canada vs. USA"]
[Site "CCCA"]
[Date "2014.01.17"]
[Round "1"]
[White "Rosenhek, Marvin"]
[Black "Deskin, Gary"]
[Result "1/2-1/2"]
[WhiteElo "2083"]
[BlackElo "2070"]
[EventDate "2014.01.17"]
[Board "17"]
[WhiteTeam "Canada"]
[BlackTeam "U.S.A."]

1.Nf3 d5 2.g3 Nf6 3.Bg2 c6 4.O-O Bg4 5.c4 e6 6.d3 Nbd7 7.cxd5 cxd5 8.Nc3 
Bd6 9.Nb5 Bb8 10.Be3 O-O 11.Qb3 a6 12.Nc3 Ba7 13.d4 Qb6 14.Na4 Qxb3 15.
axb3 Rac8 16.Rfc1 Ne4 17.b4 Rxc1+ 18.Rxc1 Nd6 19.Nc5 Bxc5 20.bxc5 Nf5 21.
h3 Bxf3 22.exf3 Nb8 23.g4 Nh4 24.Bh1 Nc6 25.Kh2 Ng6 26.f4 Nge7 27.Bg2 g6 
28.Bf3 f5 29.g5 h6 30.gxh6 Kh7 31.Ra1 Kxh6 32.Kg3 Nc8 33.Kg2 1/2-1/2

[Event "Canada vs. USA"]
[Site "CCCA"]
[Date "2014.01.17"]
[Round "2"]
[White "Baer, Steve"]
[Black "Ugulini, Michael"]
[Result "1-0"]
[WhiteElo "1481"]
[BlackElo "1511"]
[EventDate "2014.01.17"]
[Board "35"]
[WhiteTeam "U.S.A."]
[BlackTeam "Canada"]

1.d4 d5 2.c4 Nf6 3.Nf3 dxc4 4.e3 b5 5.a4 c6 6.axb5 cxb5 7.b3 Be6 8.bxc4 
bxc4 9.Nc3 Nc6 10.Be2 g6 11.Nb5 Bh6 12.O-O a6 13.Na3 Na5 14.Nxc4 Nxc4 15.
Qa4+ Nd7 16.Bxc4 Bxc4 17.Qxc4 f6 18.Ba3 g5 19.Rfc1 Nb6 20.Qe6 Bf8 21.Rab1 
Rc8 22.Rxb6 Rxc1+ 23.Bxc1 Qd7 24.Rb8+ Qd8 25.Rxd8+ Kxd8 26.Bd2 Bh6 27.d5 
f5 28.Ba5+ Ke8 29.Ne5 Rf8 30.Qd7# 1-0